000 00598nam a2200193 4500
001 3581
005 20181127171529.0
010 0 0 _a
020 0 0 _a9789993677512
090 0 0 _a362.1095498 D699m 2012
100 0 0 _aDorji, Tandin.
245 0 0 _aMedical history of Bhutan :
_bChronicle of health and disease from Bon times to today /
_cDr. Tandin Dorji, Dr. Bjorn Melgaard.
_h
250 0 0 _a
260 0 0 _aThimphu :
_bCentre for Research Initiatives,
_c2012.
300 0 0 _axiv, 174 p . ; col. ill. : 23 cm.
500 0 0 _a
650 0 0 _aBhutan --History.
_x
650 0 0 _aMedicine, Traditional --Bhutan.
_x
999 _c2917
_d2917